Countries that border countries that border Chad - Statistics

General Stats
  • This quiz has been taken 17 times
  • The average score is 12 of 13
Answer Stats
Answer % Correct
Algeria
100%
Egypt
100%
Eritrea
100%
Ethiopia
100%
Tunisia
100%
Benin
94%
Burkina Faso
94%
Democratic Republic of the Congo
94%
Mali
94%
Republic of the Congo
94%
South Sudan
94%
Equatorial Guinea
81%
Gabon
69%
No matching quizzes found
Score Distribution
Percent of People with Each Score
Percentile by Number Answered
Your Score History
You have not taken this quiz